000
00273nam a2200133Ia 4500
100
_a
Bronson/ R
942
_c
BK
654
_a
matrix
245
_a
Matrix operations
260
_b
Schaums
_a
New York
_c
1989
082
_a
512.9434
_b
BRO
300
_a
230
546
_a
ENGLISH
999
_c
32806
_d
32806